Регионална библиотека "Любен Каравелов" - Русе

Москва (Запис номер 376107)

MARC детайли
000 -Лидер
Контролно поле с фиксирана дължина nkm a22 a 4500
003 - Код на организацията, давaща контролен номер
Контролно поле BLK
005 - Дата и час на последна редакция
Контролно поле 20221208031014.0
008 - Елементи от данни с фиксирана дължина
fixed length control field 200721b bu ||||| |||| r0| a bu d
040 ## - Източник на каталожния запис
Идентификатор на билиотеката - собственик на записа BLK
041 ## - Код за език
Код за езика на текст/звукозапис или на отделно заглавие Руски
Код за езика КДБФ Руски
080 ## - УДК
Текстов определител УДК Художествена фотография
УДК код - определител по УДК 77.04
УДК - код + определител 77.04
100 ## - Редна дума - Автор
R(LIN) 409
Автор Баланенко, Юрий
Авторска отговорност авт.-состав.
139 ## - Редно поле
Редна дума Баланенко, Юрий и др.
Авторски знак Балам - Б 19
245 ## - Сведения за заглавието
Заглавие Москва
Подзаглавни данни Фотоальбом
Редно поле (дума) Юрий Баланенко, Александр Березин
260 ## - Област на издателските данни
9 (RLIN) 216267
Място на издаване, разпространение и проч. Москва
Име на издателя, разпространителя и проч. Планета
Година на издаване 1975
300 ## - Физическа характеристика
Страници 208 с.
Размери/Мащаб 17 см
380 ## - Жанр
Жанр Изкуство
650 #0 - Допълнително описание по предмет – тема
9 (RLIN) 298235
Основно описание – тема или топоним Градове - Русия
651 #7 - Допълнително описание по предмет - топоним
9 (RLIN) 179243
Географско понятие Москва
653 #7 - Ключова дума – ненормативна
9 (RLIN) 199482
Ключова дума фотоалбуми
700 ## - Други автори (авторска отговорност)
Лично име Березин, Александр
Автороска отговорност (Описва отношението между автора и произведението) съавт.
9 (RLIN) 1445
852 ## - Местоположение
Форматна сигнатура Цб І 38812
Фондова буква Хранилище
999 ## - СИСТЕМНИ КОНТРОЛНИ НОМЕРА
Koha biblionumber 376107
Koha biblioitemnumber 376107
942 ## - АРТИКУЛИ
Източник на класификационната схема Universal Decimal Classification
Вид на библиотечния материал Графични издания
Скрит в OPAC Не
Периодичен библиозапис Да
944 ## - СЪЗДАВАНЕ И РЕДАКЦИЯ на ЗАПИСА
Създаване/Редакция Създаване
Дата на регистрацията/редакция 2020-07-21
Служител, извършил регистрацията/редакцията ГГГ
Наличности
Код за отписване Код за изгубен артикул Източник на класификационната схема Код за повреда Коз за рестрикции Код за отдаване Артикулен № Име на библиотеката - собственик Име на библиотеката, в която се намира в момента Статус (Текущо местоположение) Дата на вписване в системата Местоположение - отдел Цена в лева Инвентарен номер Систематично азбучна сигнатура Баркод Цена в евро Служебен тип на артикула
  Не е изгубен Universal Decimal Classification Не е повреден без рестрикции ползва се в читалня 785096 Регионална библиотека "Любен Каравелов" Русе Регионална библиотека "Любен Каравелов" Русе Хранилище 2020-07-22 Хранилище 2.23 248534 Цб I 38812 120000248534 1.14 Графични издания
Vip Innovations Ltd, Rousse, Bulgaria 2025